000 00389cam a2200133ua 4500
082 _a551.0162
_bPAR/TE
100 _aParbin, Singh .
_9817
245 _aA Textbook of Engineering and General Geology / For B.E. (Civil, Mining, Metallurgy)
250 _a4 / 8 th
260 _aNew Delhi :
_bS.K. kataria & Sons
_c2014
300 _a525 ; .
490 _aKatson Educational Series
942 _cBK
999 _c121
_d121